RIADENIE ENERGETICKÝCH PARAMETROV KOGENERAČNÝCH JEDNOTIEK

Bibliographic Details
Main Authors: Majerník, Milan, 1952- (Author), Bosák, Martin (Author)
Format: Article
Language:Slovak

MARC

LEADER 00000nab a2200000 a 4500
001 vtls011113647
003 SK-MaSNL
005 20260303143621.0
008 230222|1999 xo |||||||||||||||||slo|
015 |a SNBRB 
035 |a (uuid)ec826d58-3764-4340-bab4-a68cb2f6224d 
035 |a (urnnbn)urn:nbn:sk:snk:ar-a08hxv 
035 |a urn:nbn:sk:snk-ab9k9v 
040 |a SNKBUCL  |b slo  |c SNKBUCL  |e AACR2 
041 0 |a slo 
044 |a xo  |c SK 
100 1 |a Majerník, Milan,  |d 1952-  |4 aut  |9 214624 
245 1 0 |a RIADENIE ENERGETICKÝCH PARAMETROV KOGENERAČNÝCH JEDNOTIEK  |c Milan Majerník, Martin Bosák 
700 1 |a Bosák, Martin  |4 aut  |9 265530 
773 0 |t Acta Mechanica Slovaca  |g Roč. 3, č. 4 (1999), s. 67-73 
954 |a odborná, vedecká literatúra pôvodná (slovenská)  |2 lita 
958 |a OND 
958 |a EUIPO 
958 |a article13 
999 |c 1991370  |d 1993300